000 01139nam0a2200313 4500
001 RU\NLR\bibl\953677
005 20250614201956.0
010 _a5-98154-017-6
_9200
035 _a(NLR Aleph) 000941764
090 _a224337
_c224337
100 _a20060525d2006 |||y0rusy50 ca
101 0 _arus
_deng
102 _aRU
105 _aa |||||||||
200 1 _aКультовые камни и сакральные места Ленинградской области
_fВячеслав Мизин
210 _aСанкт-Петербург
_cНевский фонд
_d2006
215 _a167 с.
_cил.
_d21
300 _aРез. на англ. яз.
320 _aБиблиогр.: с. 164-167 (100 назв.)
606 1 _aКультовые камни
_yЛенинградская область
_92426971
_3RU\NLR\auth\661444871
686 _aЭ239(2Р-4Ле)-402.7
700 1 _aМизин
_bВ. Г.
_gВячеслав Григорьевич
_4070
801 0 _aRU
_bNLR
_c20060525
_grcr
801 1 _aRU
_bNLR
_c20060525
830 _aавт. по кн.
942 _cBOOK
980 _aNB